MARC details
| 000 -CABECERA |
| campo de control de longitud fija |
03850nam a22003974i 4500 |
| 001 - NÚMERO DE CONTROL |
| campo de control |
991061733742906706 |
| 003 - IDENTIFICADOR DEL NÚMERO DE CONTROL |
| campo de control |
ES-BaIT |
| 005 - FECHA Y HORA DE LA ÚLTIMA TRANSACCIÓN |
| campo de control |
20260317110249.0 |
| 008 - DATOS DE LONGITUD FIJA--INFORMACIÓN GENERAL |
| campo de control de longitud fija |
260317e202602 sp |||||| 000 d spa c |
| 017 ## - NÚMERO DE COPYRIGHT O DE DEPÓSITO LEGAL |
| Número de copyright o de depósito legal |
DL SG 156-2025 |
| Agencia que asigna |
Oficina DL Segovia |
| 020 ## - NÚMERO INTERNACIONAL ESTÁNDAR DEL LIBRO |
| Número Internacional Estándar del Libro |
9788418782732 |
| 040 ## - FUENTE DE LA CATALOGACIÓN |
| Centro catalogador/agencia de origen |
ES-BaIT |
| Lengua de catalogación |
cat |
| Normas de descripción |
rda |
| Centro/agencia transcriptor |
ES-BaIT |
| 080 ## - NÚMERO DE LA CLASIFICACIÓN DECIMAL UNIVERSAL |
| Número de la Clasificación Decimal Universal |
840-2"20" |
| 100 ## - ENTRADA PRINCIPAL--NOMBRE DE PERSONA |
| Nombre de persona |
Mouawad, Wajdi |
| Término indicativo de función/relación |
autor, |
| -- |
entrevistat |
| 9 (RLIN) |
86484 |
| 240 1# - TÍTULO UNIFORME |
| Título uniforme |
Sang des promesses. |
| Lenguaje de la obra |
Castellà |
| 9 (RLIN) |
169039 |
| 245 10 - MENCIÓN DE TÍTULO |
| Título |
La Sangre de las promesas : |
| Resto del título |
Litoral, Incendios, Bosques, Cielos / |
| Mención de responsabilidad, etc. |
Wajdi Mouawad ; traducción de Coto Adánez |
| 250 ## - MENCIÓN DE EDICIÓN |
| Mención de edición |
Primera edición |
| 264 #1 - PRODUCCIÓN, PUBLICACIÓN, DISTRIBUCIÓN, FABRICACIÓN Y COPYRIGHT |
| Producción, publicación, distribución, fabricación y copyright |
Segovia : |
| Nombre del de productor, editor, distribuidor, fabricante |
Ediciones La uÑa RoTa, |
| Fecha de producción, publicación, distribución, fabricación o copyright |
febrero 2026 |
| 336 ## - TIPO DE CONTENIDO |
| Término de tipo de contenido |
text |
| Código de tipo de contenido |
txt |
| Fuente |
rdacontent |
| 337 ## - TIPO DE MEDIO |
| Nombre/término del tipo de medio |
sense mediació |
| Código del tipo de medio |
n |
| Fuente |
rdamedia |
| 338 ## - TIPO DE SOPORTE |
| Nombre/término del tipo de soporte |
volum |
| Código del tipo de soporte |
nc |
| Fuente |
rdacarrier |
| 490 1# - MENCIÓN DE SERIE |
| Mención de serie |
Libros robados |
| 505 8# - NOTA DE CONTENIDO CON FORMATO |
| Nota de contenido con formato |
Conté: Con Wajdi Mouawad / Entrevista de Sylvain Diaz -- Litoral -- Incendios -- Bosques -- Cielos |
| 520 ## - SUMARIO, ETC. |
| Sumario, etc. |
"Por primera vez en castellano se reúnen en un solo volumen las cuatro obras que componen La sangre de las promesas de Wajdi Mouawad ‒Litoral, Incendios, Bosques y Cielos‒, una de las cumbres del teatro del siglo XXI, y ya parte esencial de la historia de la literatura contemporánea.Esta edición incluye además una minuciosa y cuidadosa entrevista a Mouawad por Sylvain Diaz, inédita en español, en la que el autor reflexiona sobre su poética.«Tenía 25 años cuando comenzó esta aventura. La terminé con 41. Puedo decir, entonces, que no he hecho otra cosa en este periodo de tiempo…, y recién ahora me doy cuenta.Litoral, Incendios, Bosques, Cielos.Son cuatro palabras que me enseñaron a leer, a escribir, a hablar, a contar. Me enseñaron a pensar. Me enseñaron que en el cruce de caminos podía estar el otro. Que la infancia era un cuchillo clavado en la garganta. Que la vida está hecha para ser entregada, aunque eso signifique perderla, romperla, aniquilarla.*Litoral, Incendios, Bosques, Cielos, un deseo de recomponer lo perdido, de traer de nuevo los elementos a la vida. Arrancado del mar, nace Litoral; arrancado del deseo, surge Incendios; arrancado de la montaña, brota Bosques; arrancado de los pájaros, Cielos».Wajdi Mouawad". «Todos los personajes de la tetralogía de Wajdi Mouawad están movidos por promesas que han hecho o que han heredado, por algunas que han sido cumplidas y por otras que no consiguen llevar a cabo o que han sido traicionadas. […] Promesas que funcionan como motor de las historias de Litoral, Incendios o Bosques. En las tres se expresa un vínculo fundamental a través del cuidado, de la muerte y del amor. Las tres tendrán que enfrentarse a los obstáculos de una sociedad que no solo niega, sino que destruye cualquier forma de vínculo. Vivir juntos es hacer imposible vivir juntos, y por eso los jóvenes de la cuarta pieza, Cielos, se rebelarán contra las promesas obsoletas de los padres. ¿Hasta dónde podemos hacernos cargo de los compromisos que anudan las vidas de padres e hijos, de hermanos, pueblos y sociedades?». Marina Garcés, El tiempo de la promesa -- Contracoberta |
| 700 1# - ENTRADA AGREGADA--NOMBRE PERSONAL |
| Nombre de persona |
Adánez del Hoyo, Coto |
| Término indicativo de función/relación |
traductor |
| 9 (RLIN) |
141811 |
| 700 12 - ENTRADA AGREGADA--NOMBRE PERSONAL |
| Información de relación/Frase instructiva de referencia |
Contenidor de ( expressió) : |
| Nombre de persona |
Mouawad, Wajdi. |
| Título de la obra |
Littoral. |
| Lenguaje de la obra |
Castellà |
| 9 (RLIN) |
169040 |
| 700 12 - ENTRADA AGREGADA--NOMBRE PERSONAL |
| Información de relación/Frase instructiva de referencia |
Contenidor de ( expressió) : |
| Nombre de persona |
Mouawad, Wajdi. |
| Título de la obra |
Incendies. |
| Lenguaje de la obra |
Castellà |
| 9 (RLIN) |
169041 |
| 700 12 - ENTRADA AGREGADA--NOMBRE PERSONAL |
| Información de relación/Frase instructiva de referencia |
Contenidor de (expressió) : |
| Nombre de persona |
Mouawad, Wajdi. |
| Título de la obra |
Forêts. |
| Lenguaje de la obra |
Castellà |
| 9 (RLIN) |
169042 |
| 700 12 - ENTRADA AGREGADA--NOMBRE PERSONAL |
| Información de relación/Frase instructiva de referencia |
Contenidor de (expressió) : |
| Nombre de persona |
Mouawad, Wajdi. |
| Título de la obra |
Ciels. |
| Lenguaje de la obra |
Castellà |
| 9 (RLIN) |
169043 |
| 700 12 - ENTRADA AGREGADA--NOMBRE PERSONAL |
| Información de relación/Frase instructiva de referencia |
Contenidor de (expressió) : |
| Nombre de persona |
Mouawad, Wajdi. |
| Título de la obra |
Avec Wajdi Mouawad (Tout est écriture). |
| Lenguaje de la obra |
Castellà |
| 9 (RLIN) |
169044 |
| 700 ## - ENTRADA AGREGADA--NOMBRE PERSONAL |
| Nombre de persona |
Diaz, Sylvain |
| Término indicativo de función/relación |
entrevistador |
| 9 (RLIN) |
142001 |
| 830 #0 - PUNTO DE ACCESO ADICIONAL DE SERIE-TÍTULO UNIFORME |
| Título uniforme |
Colección Libros robados |
| 9 (RLIN) |
97177 |
| 908 ## - COLOCAR PARÁMETRO DE COMANDO (RLIN) |
| Colocar parámetro de comando |
CDMAE |
| 940 ## - EQUIVALENCIA O REFERENCIA-CRUZADA--TÍTULO UNIFORME [OBSOLETO] [solamente CAN/MARC] |
| Título uniforme |
<a href="CDMAE">CDMAE</a> |
| 942 ## - ELEMENTOS DE ENTRADA AGREGADA (KOHA) |
| Fuente del sistema de clasificación o colocación |
Clasificación decimal universal |
| Tipo de ítem Koha |
Llibre |